000 00428nam a2200157Ia 4500
008 210210b1985 xxu||||| |||| 00| 0 eng d
020 _a0 571 11629 9
082 _a617.1027 REIS
100 _aREILLY (Thomas), Ed.
245 _aSports fitness and sports injuries.
260 _aLondon
_bFaber & Faber
_c1985
300 _a293
650 _aSports Fitness, Injuries
690 _aAthletic & Outdoor Sports
906 _a041355
999 _c91172
_d91172